| 000 | 00439nab a2200145Ia 4500 | ||
|---|---|---|---|
| 003 | ES-SlBCS | ||
| 005 | 20210601130755.0 | ||
| 008 | 140529s1984 xxu||||| |||| 00| 0 fre d | ||
| 041 | _afre | ||
| 100 | 1 |
_aLuban Plozza, Boris _9177104 |
|
| 245 | 0 | 0 |
_aIntérations Familiales. Facteurs de Risque _c Boris Luban Plozza |
| 650 | 0 | 4 |
_aFamilia _991782 |
| 773 | 0 |
_tPresença Filosofica _gvol. 10, nº. 3-4, 1984, págs. 48-59 _wRev966 |
|
| 942 | _cAR | ||
| 999 |
_c552140 _d552140 |
||